Social movement theory and research : an annotated bibliographical guide
Αποθηκεύτηκε σε:
| Κύριος συγγραφέας: | |
|---|---|
| Άλλοι συγγραφείς: | |
| Μορφή: | Βιβλίο |
| Γλώσσα: | English |
| Δημοσίευση: |
London : Englewood :
The Scarecrow Press;, Salem Press,
1997
|
| Σειρά: | Magill bibliographies
|
| Θέματα: | |
| Ετικέτες: |
Προσθήκη ετικέτας
Δεν υπάρχουν, Καταχωρήστε ετικέτα πρώτοι!
|
MARC
| LEADER | 00000nam a2200000 i 4500 | ||
|---|---|---|---|
| 001 | 1/89347 | ||
| 008 | 990913s1997 eng d | ||
| 020 | |a 0-8108-3197-X | ||
| 035 | |l 10052767 | ||
| 040 | |a GR-MY-UA |b gre |e aacr | ||
| 041 | 0 | |a eng | |
| 082 | 0 | |a 016.303481 | |
| 100 | 1 | |a Garner, Roberta. | |
| 245 | 1 | 0 | |a Social movement theory and research : |b an annotated bibliographical guide / |c Roberta Garner and John Tenuto |
| 260 | |a London : |a Englewood : |b The Scarecrow Press;, |b Salem Press, |c 1997 | ||
| 300 | |a 274 p. | ||
| 490 | 1 | |a Magill bibliographies | |
| 650 | 0 | 0 | |a Social movements |x Bibliography. |
| 650 | 0 | 0 | |a Ideology |x Bibliography. |
| 650 | 0 | 0 | |a Social change |x Bibliography. |
| 650 | 0 | 0 | |a Collective behavior |x Bibliography. |
| 700 | 1 | |a Tenuto, John. | |
| 830 | 0 | |a Magill bibliographies | |
| 852 | |a INST |b LESVOS |e 19990913 |h 016.303484 GAR |p 005100019563 |q 005100019563 |t REF |y 23 | ||
| 901 | |a BIBL1-1999-3 | ||
| 909 | |a Λ |b 065738 | ||
| 922 | |a 1ΕΛΗ |b 199905 |c ΚΠΣ/ΚΥΒ |d LEADER | ||
| 950 | |a 023-1998-09-14 | ||
| 970 | |z 1999/09/13 |a ΜΟΥΣΤΑΚΑ |b ΠΗΝΕΛΟΠΗ | ||